Normal view
MARC view
- GAYATHRI T.P
Entry Personal Name
001 - CONTROL NUMBER
- control field: 3955
003 - CONTROL NUMBER IDENTIFIER
- control field: OSt
005 - DATE AND TIME OF LATEST TRANSACTION
- control field: 20181116151920.0
008 - FIXED-LENGTH DATA ELEMENTS
- fixed length control field: 181116|| aca||aabn | a|a d
040 ## - CATALOGING SOURCE
- Original cataloging agency: OSt
- Transcribing agency: OSt
100 ## - HEADING--PERSONAL NAME
- Personal name: GAYATHRI T.P
670 ## - SOURCE DATA FOUND
- Source citation: Work cat.: (OSt)14907: GAYATHRI T.P LIVINA V.K RAHUL P.K, Development of Harvesting Equipment for Tree Fruits
